Životný cyklus podniku bakalárska práca

Gespeichert in:
Bibliographische Detailangaben
1. Verfasser: Andruška, Ján
Körperschaft: Fakulta podnikového manažmentu EU. Katedra podnikovohospodárska
Weitere Verfasser: Michalcová, Zuzana, 1984-
Format: Buch
Sprache:Slowakisch
Veröffentlicht: Bratislava 2010
Tags: Tag hinzufügen
Keine Tags, Fügen Sie das erste Tag hinzu!

MARC

LEADER 00000nbm a2200000 4500
001 0133608
005 20161109111539.6
041 0 |a slo 
044 |a SK 
245 1 0 |a Životný cyklus podniku  |b bakalárska práca  |c Ján Andruška ; školiteľ: Zuzana Michalcová 
264 1 |a Bratislava  |c 2010 
300 |a 44 s. 
100 1 |a Andruška, Ján 
700 1 |a Michalcová, Zuzana, 1984- 
710 2 |a Fakulta podnikového manažmentu EU. Katedra podnikovohospodárska